[Event "ISR-chT 2019"]
[Site "Israel"]
[Date "2019.02.08"]
[Round "3.7"]
[White "Rodshtein, Maxim"]
[Black "Eljanov, Pavel"]
[Result "1/2-1/2"]
[WhiteElo "2668"]
[BlackElo "2680"]
[Annotator "TA"]
[PlyCount "90"]
[EventDate "2019.01.04"]
[EventType "team-tourn"]
[EventCountry "ISR"]
[SourceTitle "playchess.com"]
[Source "ChessBase"]
[SourceQuality "1"]

{[%evp 15,90,4,0,4,5,-3,3,2,0,0,10,0,11,11,9,10,20,22,16,22,33,35,34,10,10,12,7,-2,0,0,0,7,17,19,36,36,36,42,42,36,50,43,34,34,47,5,10,0,0,0,0,-38,-36,-37,-39,-32,-19,-21,-22,-29,-22,-18,-21,-37,-39,-58,-36,-22,-23,-43,0,0,0,0,0,0,0]} 1. Nf3 Nf6 2. g3 d5 3. Bg2 c6 4. c4 Bg4 5. O-O e6 6. d4 Nbd7 7. h3 {D11: Slav Defence: 3 Nf3 sidelines and 3...Nf6 4 e3 Bg4} (7. cxd5 exd5 8. Nc3 Bd6 9. Nh4 Nb6 10. f3 Be6 11. e4 Be7 12. e5 Nfd7 13. f4 Bxh4 14. f5 Bxf5 15. Rxf5 Be7 16. Qg4 g6 {1-0 (30) Grischuk,A (2771)-Postny,E (2615) St Petersburg 2018}) 7... Bf5 8. Nc3 {[%cal Bb1c3,Bc3e4,Be4c5,Bc5d3,Bd3e5][%mdl 32]} h6 {LiveBook: 5 Games} 9. Nd2 Be7 10. e4 dxe4 11. Ndxe4 Nxe4 12. Nxe4 O-O $146 ({Predecessor:} 12... Nf6 13. Nc3 O-O 14. Be3 {1-0 (41) Theodorou,N (2482)-Moshkov,V (2182) Heraklion 2016}) 13. Be3 Qa5 14. a3 Qa6 15. Qb3 Nf6 16. Nc5 Qb6 17. Qc3 Rad8 18. b4 Qc7 19. Rfd1 b6 20. Nd3 Be4 21. Ne5 Bxg2 22. Kxg2 Qb7 23. Bf4 g5 24. Be3 c5+ 25. f3 {[%cal Rd4c5]} Nd7 26. Nxd7 cxb4 27. axb4 Rxd7 28. b5 Rc8 29. Qb3 Bf6 30. Rd2 h5 31. Rad1 g4 32. d5 gxf3+ 33. Kxf3 Rdc7 34. c5 bxc5 {...Rd7 is the strong threat.} 35. Qc4 {[#]} Bd4 $1 {[%mdl 512]} 36. Bxd4 exd5 37. Qd3 {Hoping for Be5.} cxd4 38. Qf5 Rc3+ 39. Kf2 Qb6 {Strongly threatening ...Re8.} 40. Qxh5 Qf6+ 41. Kg2 $1 Qg7 42. g4 Re8 43. Rf2 {The position is equal.} Ree3 44. Qxd5 Rxh3 45. Qa8+ Qf8 {Precision: White = 68%, Black = 73%.} 1/2-1/2

[Event "ISR-chT 2019"]
[Site "Israel"]
[Date "2019.02.08"]
[Round "3.7"]
[White "Rodshtein, Maxim"]
[Black "Eljanov, Pavel"]
[Result "*"]
[WhiteElo "2668"]
[BlackElo "2680"]
[Annotator "TA"]
[PlyCount "34"]
[EventDate "2019.01.04"]
[EventType "team-tourn"]
[EventCountry "ISR"]
[SourceTitle "playchess.com"]
[Source "ChessBase"]
[SourceQuality "1"]

{[%evp 14,16,6,4,11]} 1. Nf3 Nf6 2. g3 d5 3. Bg2 c6 4. c4 Bg4 5. O-O e6 6. d4 Nbd7 7. h3 {D11: Slav Defence: 3 Nf3 sidelines and 3...Nf6 4 e3 Bg4} (7. cxd5 exd5 8. Nc3 Bd6 9. Nh4 Nb6 10. f3 Be6 11. e4 Be7 12. e5 Nfd7 13. f4 Bxh4 14. f5 Bxf5 15. Rxf5 Be7 16. Qg4 g6 {1-0 (30) Grischuk,A (2771)-Postny,E (2615) St Petersburg 2018}) 7... Bf5 8. Nc3 {LiveBook: 3 Games} h6 {Predecessor:} 9. Qb3 $146 Qb6 10. c5 Qa6 11. Nd2 b6 12. cxb6 Nxb6 13. e4 dxe4 14. Ndxe4 Nxe4 15. Nxe4 Nd5 16. Bd2 Be7 17. Rfc1 O-O {½-½ (17) Shimanov,A (2594)-Motylev,A (2653) Moscow 2015} *

[Event "ISR-chT 2019"]
[Site "Israel"]
[Date "2019.02.08"]
[Round "3.8"]
[White "Smirin, Ilia"]
[Black "Malakhov, Vladimir"]
[Result "1/2-1/2"]
[WhiteElo "2610"]
[BlackElo "2661"]
[Annotator "TA"]
[PlyCount "33"]
[EventDate "2019.01.04"]
[EventType "team-tourn"]
[EventCountry "ISR"]
[SourceTitle "playchess.com"]
[Source "ChessBase"]
[SourceQuality "1"]

{[%evp 12,33,32,-16,-15,-30,-18,-27,-31,-27,-12,-16,-21,-14,-16,-20,-25,-20,-25,-24,-36,-62,-47,-41]} 1. e4 e5 2. Nf3 Nc6 3. Bc4 Bc5 4. c3 (4. d3 h6 5. c3 {0-1 (29) Tzagarakis,P (1789)-Brokalakis Gounaris,C (2018) Rethymno 2019}) 4... Nf6 5. d3 h6 6. b4 Bb6 7. b5 Na5 $1 {[%cal Ra5c4] C54: Giuoco Piano: 4 c3 Nf6, main lines with 5 d4 and 5 d3} 8. Nxe5 O-O $1 9. Bxf7+ $146 (9. O-O d6 10. Nxf7 Rxf7 11. Bxf7+ {0-1 (29) Tzagarakis,P (1789)-Brokalakis Gounaris,C (2018) Rethymno 2019}) ({Predecessor:} 9. O-O d6 10. Nxf7 Rxf7 11. Bxf7+ {1-0 (27) Yilmaz,E (1866)-Toren,K (1490) Antalya 2017}) 9... Rxf7 {Black has an edge.} 10. Nxf7 Kxf7 11. O-O d6 12. Be3 (12. Kh1 Kg8 13. f4 Ng4 14. Qe1 Qe8 15. Na3 {0-1 (29) Tzagarakis,P (1789)-Brokalakis Gounaris,C (2018) Rethymno 2019}) 12... Bxe3 ({Predecessor:} 12... Bg4 13. Qe1 Kg8 14. h3 Bh5 15. Nd2 {1-0 (27) Yilmaz,E (1866)-Toren,K (1490) Antalya 2017}) 13. fxe3 Kg8 14. c4 a6 15. Nc3 axb5 16. Nxb5 Nc6 17. h3 1/2-1/2

[Event "ISR-chT 2019"]
[Site "Israel"]
[Date "2019.02.08"]
[Round "3.9"]
[White "Postny, Evgeny"]
[Black "Sutovsky, Emil"]
[Result "0-1"]
[WhiteElo "2623"]
[BlackElo "2628"]
[Annotator "TA"]
[PlyCount "88"]
[EventDate "2019.01.04"]
[EventType "team-tourn"]
[EventCountry "ISR"]
[SourceTitle "playchess.com"]
[Source "ChessBase"]
[SourceQuality "1"]

{[%evp 11,88,13,54,23,31,16,10,0,22,10,15,14,12,17,31,11,43,41,61,53,78,68,55,62,104,82,86,103,97,106,141,-128,-78,-79,-81,-81,-81,-81,-81,-81,-81,-81,-81,-81,-85,-86,-90,-91,0,-90,-66,-64,-66,-116,-97,-104,-102,-147,-127,-418,-428,-501,-458,-518,-530,-513,-445,-1104,-1015,-29981,-29982,-29985,-29986,-29987,-29988,-29988,-29983,-29984,-29985]} 1. d4 Nf6 2. c4 g6 3. Nf3 Bg7 4. e3 O-O 5. Be2 d6 6. Nc3 Nc6 7. d5 {E61: King's Indian: Early deviations for White, including Smyslov System} Nb4 8. a3 Na6 9. Nd4 {The position is equal.} e5 10. dxe6 fxe6 11. O-O c6 $146 ({Predecessor:} 11... e5 12. Nb3 c6 13. e4 Nc7 14. f4 Ne6 {½-½ (59) Caruana,F (2784)-Carlsen,M (2843) Karlsruhe/Baden-Baden 2018}) 12. b4 Nc7 13. Bb2 a5 14. Nb3 axb4 15. axb4 Rxa1 16. Qxa1 e5 17. b5 Ng4 18. Qd1 Qh4 {[%csl Gg4][%cal Rh4h2]} 19. Bxg4 $1 Bxg4 20. Qxd6 {[%mdl 64] Double Attack} Ne8 21. Qc5 $2 {[%mdl 8192]} (21. Qb8 $16 {stays on course.} Be6 22. Nd2 (22. Ba3 Qxc4 {[%mdl 64] Double Attack} 23. Nc5 Qxc3 $11)) 21... Rf5 $1 $17 22. bxc6 Bf3 $1 {aiming for ...Rh5.} 23. Nd2 (23. gxf3 Rg5+ 24. Kh1 Rh5 25. Qd5+ Kh8 26. Qg8+ Kxg8 27. h3 Qxh3+ 28. Kg1 Qh2#) 23... e4 $1 {( -> ...Qg4)} 24. Nd5 ({But not} 24. Nxf3 $2 exf3 25. Qxf5 (25. cxb7 Qg4 26. Qf8+ Bxf8 27. g3 Qh3 28. b8=Q Qg2#) 25... gxf5 $19) (24. cxb7 Qg4 25. g3 Qh3 26. Qd5+ Rxd5 27. Nxf3 exf3 28. cxd5 Qg2#) 24... Qg4 $1 {[%csl Gf3][%cal Rg4g2]} 25. g3 Qh3 {[%csl Gf3][%cal Rh3g2]} 26. Nxf3 exf3 {[%csl Gf3][%cal Rh3g2]} 27. Nf4 Rxf4 $40 {[%csl Gf3][%cal Rh3g2][%mdl 128] White is in trouble.} ({Inferior is} 27... Rxc5 28. cxb7 (28. Nxh3 Bxb2 29. cxb7 Be5 $15) 28... Qd7 29. b8=Q $16) 28. Qd5+ Rf7 {[%csl Gf3][%cal Rh3g2] [#]} 29. Qxf3 $1 {[%mdl 512]} b5 (29... Rxf3 $17 30. cxb7 Bxb2) 30. Qe2 (30. Qe4 $1 $11 {remains equal.} Nd6 {[%mdl 64] Double Attack} 31. Qd3 Nxc4 32. Bxg7 Kxg7 33. c7 $1 {[%mdl 512]}) 30... Bxb2 {[%mdl 64] Overworked Piece} 31. Qxb2 bxc4 {Strongly threatening ...Qe6.} 32. Rc1 Qe6 33. Qd4 Nd6 34. Ra1 {[#]} Rc7 $1 {Threatens to win with ...Ne8.} 35. Ra8+ $2 {[%mdl 8192]} (35. Ra6 $17) 35... Ne8 $19 36. Qd8 {[#] Qxc7 is the strong threat.} Kf7 $1 37. Qh4 Nf6 38. Ra6 Qg4 39. Qh6 (39. Qxg4 $142 Nxg4 40. Kf1) 39... c3 {[%cal Bc4c3,Bc3c2][%mdl 32]} 40. Ra8 c2 {Black mates.} 41. Rf8+ Ke6 42. Rxf6+ Kxf6 43. Qf8+ Ke6 44. Qe8+ Kd5 {Accuracy: White = 49%, Black = 66%.} 0-1

[Event "ISR-chT 2019"]
[Site "Israel"]
[Date "2019.02.08"]
[Round "3.10"]
[White "Kogan, Arthur"]
[Black "Roiz, Michael"]
[Result "0-1"]
[WhiteElo "2547"]
[BlackElo "2605"]
[Annotator "TA"]
[PlyCount "108"]
[EventDate "2019.01.04"]
[EventType "team-tourn"]
[EventCountry "ISR"]
[SourceTitle "playchess.com"]
[Source "ChessBase"]
[SourceQuality "1"]

{[%evp 11,108,0,0,-17,-24,-47,-33,-39,-31,-37,2,-9,7,-24,-33,-22,-27,-36,-30,-26,-21,-35,-34,-19,-22,-21,-18,-10,-8,-42,-17,-54,-45,-90,-90,-75,-75,-77,-18,-34,-11,-12,-7,-39,-41,-52,-18,-19,-8,-80,0,0,0,-8,-8,-8,-13,-45,-38,-34,-36,-45,-35,-35,-34,-120,-87,-165,-179,-272,-258,-243,-253,-262,-263,-331,-330,-345,-302,-262,-269,-867,-865,-1139,-1102,-854,-681,-589,-589,-1143,-1175,-2325,-2453,-1734,-1704,-29971,-29971,-4627,-4627]} 1. d4 (1. Nf3 d5 2. d4 Nf6 3. c4 {½-½ (27) Dragun,K (2597)-Swiercz,D (2654) New York 2018}) 1... Nf6 $146 ({Predecessor:} 1... d5 2. c4 dxc4 3. Qa4+ Nc6 4. Nf3 Nf6 5. Nc3 e6 6. e4 Bb4 {0-1 (54) Toth,L (2164)-Hryhorenko,N (2294) Budapest 2005}) 2. c4 e6 3. Nf3 d5 4. Nc3 Bb4 5. Qa4+ (5. Bg5 dxc4 6. Qa4+ {½-½ (27) Dragun,K (2597)-Swiercz,D (2654) New York 2018}) 5... Nc6 6. Bg5 dxc4 7. e4 {D39: Queen's Gambit Declined: Ragozin Defence with 5 Bg5 dxc4} (7. a3 Bxc3+ 8. bxc3 Qd5 9. Bxf6 gxf6 10. g3 b5 11. Qc2 Bb7 12. e4 Qd7 13. Bg2 Na5 14. O-O Nb3 15. Rad1 a5 16. a4 bxa4 {½-½ (27) Dragun,K (2597)-Swiercz,D (2654) New York 2018}) 7... Bd7 {Threatens to win with ...Nxd4!} ({Predecessor:} 7... h6 8. Bxf6 Qxf6 9. Bxc4 Bd7 {0-1 (54) Toth,L (2164)-Hryhorenko,N (2294) Budapest 2005}) 8. Qd1 h6 9. Bxf6 {Black is slightly better.} Qxf6 10. Bxc4 Na5 ({Predecessor:} 10... e5 11. O-O Bxc3 12. bxc3 Bg4 13. d5 Bxf3 14. Qxf3 Qxf3 15. gxf3 Na5 16. Bb5+ Ke7 {0-1 (54) Toth,L (2164)-Hryhorenko,N (2294) Budapest 2005}) 11. Bd3 c5 12. a3 (12. O-O $5 {[%cal Rc3b5]}) 12... Bxc3+ $1 13. bxc3 O-O 14. O-O Rfd8 15. Rb1 Rac8 16. Re1 b6 17. Re3 cxd4 18. cxd4 Nc4 19. Bxc4 Rxc4 20. h3 Ba4 21. Qe1 Rdc8 22. d5 exd5 $1 23. exd5 Qd6 24. Re7 Bc2 ({Better is} 24... R8c7 $17 25. Rxc7 Qxc7) 25. Rb4 Rxb4 26. axb4 Qxd5 27. Rxa7 Be4 28. Ra3 Rc4 29. Re3 f5 30. Rc3 Bxf3 (30... b5 $1 $17) 31. Rxf3 $17 {[%mdl 4096] Endgame KQR-KQR} Kh7 (31... f4 {is interesting.} 32. Qe7 Kh7 33. Ra3 Qe4 34. Qf8 Qe5) 32. Qb1 Qe4 33. Qxe4 fxe4 $11 {KR-KR} 34. Rb3 b5 35. Kf1 Kg6 36. Ke2 Kf5 37. Ke3 g5 38. Rb2 (38. Ra3 $15) 38... Ke5 $1 $17 39. Rb3 (39. Ra2 $17 {is a better defense.}) 39... h5 $1 $19 40. Rb2 (40. Rb1 {was worth a try.}) 40... Rc3+ 41. Kd2 {[#]} Kd4 $1 42. Ra2 {[#]} Rb3 $1 43. Kc2 Kc4 ({Less strong is} 43... Rxb4 44. Ra7 $17) 44. Kd2 Rd3+ ({Weaker is} 44... Kxb4 45. Ke2 $17) (44... Rxb4 45. Ra8 $17) 45. Ke2 Kxb4 46. f3 $2 (46. Ra8 Rd5 47. Ke3) 46... Ra3 47. Rd2 exf3+ 48. gxf3 Rc3 49. Rd8 h4 50. Rg8 Rc5 51. f4 gxf4 52. Rg4 Rc4 53. Kf2 Kc3 54. Kf3 b4 {Accuracy: White = 40%, Black = 86%.} 0-1

[Event "ISR-chT 2019"]
[Site "Israel"]
[Date "2019.02.08"]
[Round "3.10"]
[White "Kogan, Arthur"]
[Black "Roiz, Michael"]
[Result "*"]
[WhiteElo "2547"]
[BlackElo "2605"]
[Annotator "TA"]
[PlyCount "28"]
[EventDate "2019.01.04"]
[EventType "team-tourn"]
[EventCountry "ISR"]
[SourceTitle "playchess.com"]
[Source "ChessBase"]
[SourceQuality "1"]

{[%evp 11,13,8,1,-4]} 1. d4 Nf6 2. c4 e6 3. Nf3 d5 4. Nc3 Bb4 5. Qa4+ Nc6 6. Bg5 dxc4 {LiveBook: 92 Games} 7. e4 {D39: Queen's Gambit Declined: Ragozin Defence with 5 Bg5 dxc4} {Predecessor:} Bd7 $146 8. Qc2 h6 9. Bd2 b5 10. Nxb5 Bxd2+ 11. Nxd2 a6 12. Na3 Nxd4 13. Qxc4 e5 14. Qc5 Be6 {½-½ (37) Malakhov,V (2699)-Alekseev,E (2651) Kaliningrad 2015} *

[Event "ISR-chT 2019"]
[Site "Israel"]
[Date "2019.02.08"]
[Round "3.11"]
[White "Greenfeld, Alon"]
[Black "Bar, Roman"]
[Result "0-1"]
[WhiteElo "2525"]
[BlackElo "2484"]
[Annotator "TA"]
[PlyCount "48"]
[EventDate "2019.01.04"]
[EventType "team-tourn"]
[EventCountry "ISR"]
[SourceTitle "playchess.com"]
[Source "ChessBase"]
[SourceQuality "1"]

{[%evp 22,48,16,7,20,0,0,0,8,17,29,14,27,0,21,0,20,-15,-15,-7,-10,-68,-43,-67,-68,-66,-68,-504,-508]} 1. Nf3 (1. c4 e6 2. Nc3 c5 3. Nf3 {½-½ (78) Semcesen,D (2490)-Zarkua,D (2443) Porto Carras 2011}) 1... Nf6 2. c4 e6 $146 ({Predecessor:} 2... c5 3. Nc3 {0-1 (43) Lindholm,P (2158)-Adam,C (2196) ICCF email 2011}) 3. Nc3 c5 4. g3 b6 5. Bg2 Bb7 6. O-O Be7 7. d4 cxd4 8. Qxd4 d6 9. Bg5 a6 10. Bxf6 Bxf6 11. Qd3 Ra7 12. Rad1 Be7 {A30: Symmetrical English: Double Fianchetto and Hedgehog} 13. Nd4 Bxg2 14. Kxg2 Qc8 {The position is equal.} (14... O-O 15. f4 Qc8 16. f5 Nc6 17. fxe6 fxe6 18. Nf3 Nb4 19. Qe4 Rc7 20. b3 {½-½ (78) Semcesen,D (2490)-Zarkua,D (2443) Porto Carras 2011}) 15. f4 Nd7 ({Predecessor:} 15... Nc6 16. f5 {0-1 (43) Lindholm,P (2158)-Adam,C (2196) ICCF email 2011}) 16. f5 Ne5 $1 {[%csl LRc4,LRd3]} 17. Qe4 O-O 18. b3 Re8 ({Predecessor:} 18... b5 19. fxe6 fxe6 20. cxb5 Qxc3 21. Rxf8+ Bxf8 22. Nxe6 axb5 23. Nxf8 Kxf8 24. Rxd6 {0-1 (43) Lindholm,P (2158)-Adam,C (2196) ICCF email 2011}) 19. Qf4 {[#]} b5 $1 {[%mdl 512]} 20. Ne4 (20. cxb5 Qxc3) 20... bxc4 21. bxc4 ({Better is} 21. f6 $11 gxf6 22. Nf3) 21... Qxc4 22. fxe6 fxe6 23. Rc1 Qd5 {White must now prevent ...Bg5.} ({Wrong is} 23... Qxd4 $2 {[#]} 24. Nf6+ $1 {[%mdl 512]} Bxf6 25. Qxd4 $18) 24. Nc6 $2 {[%mdl 8192]} (24. Nf3 $1 $15 Rf8 25. Qe3) 24... Bg5 $1 {[%mdl 64] Pin, Skewer. Accuracy: White = 21%, Black = 78%.} 0-1

[Event "ISR-chT 2019"]
[Site "Israel"]
[Date "2019.02.08"]
[Round "3.12"]
[White "Golod, Vitali"]
[Black "Huzman, Alexander"]
[Result "1/2-1/2"]
[WhiteElo "2532"]
[BlackElo "2580"]
[Annotator "TA"]
[PlyCount "26"]
[EventDate "2019.01.04"]
[EventType "team-tourn"]
[EventCountry "ISR"]
[SourceTitle "playchess.com"]
[Source "ChessBase"]
[SourceQuality "1"]

{[%evp 13,26,10,14,0,0,0,35,14,23,40,54,30,31,0,15]} 1. d4 d5 2. c4 ({Predecessor:} 2. Nf3 c6 3. e3 Nf6 {0-1 (33) Hernando Rodrigo,J (2342)-Cruz,F (2439) Badalona 2014}) 2... c6 3. Nf3 Nf6 4. e3 Bf5 5. Nc3 e6 6. Bd3 Bg6 7. O-O Nbd7 8. Bxg6 $146 {D12: Slav Defence: 3 Nf3 Nf6 4 e3 Bf5} (8. Qe2 Ne4 9. Nd2 Nxd2 10. Bxd2 Nf6 11. cxd5 Bxd3 12. Qxd3 {½-½ (12) Vorobiov,E (2567)-Bluebaum,M (2611) Zuerich 2018}) 8... hxg6 9. Qd3 Be7 10. e4 dxe4 11. Nxe4 Qa5 ({Predecessor:} 11... Nxe4 12. Qxe4 Nf6 13. Qc2 Qc7 14. Re1 O-O-O 15. g3 Rh5 {0-1 (33) Hernando Rodrigo,J (2342)-Cruz,F (2439) Badalona 2014}) 12. Re1 Qf5 13. Nxf6+ gxf6 1/2-1/2

[Event "ISR-chT 2019"]
[Site "Israel"]
[Date "2019.02.08"]
[Round "3.14"]
[White "Dvoirys, Semen I."]
[Black "Veinberg, Nimrod"]
[Result "1/2-1/2"]
[WhiteElo "2523"]
[BlackElo "2399"]
[Annotator "TA"]
[PlyCount "103"]
[EventDate "2019.01.04"]
[EventType "team-tourn"]
[EventCountry "ISR"]
[SourceTitle "playchess.com"]
[Source "ChessBase"]
[SourceQuality "1"]

{[%evp 22,103,41,28,28,29,25,29,30,25,25,25,26,25,25,25,25,25,25,25,25,28,28,27,27,27,20,7,17,12,12,8,21,18,98,0,112,100,118,114,119,119,110,44,39,38,64,71,84,34,34,32,34,34,39,20,25,29,33,28,32,0,0,0,0,0,0,0,0,0,0,0,0,0,0,0,0,0,0,0,0,0,0,0]} 1. e4 e5 2. Nf3 Nc6 3. Bb5 a6 4. Ba4 Nf6 5. O-O Nxe4 6. d4 b5 7. Bb3 d5 8. dxe5 Be6 9. c3 Be7 10. Nbd2 Nc5 11. Bc2 d4 12. Ne4 {[%cal Rf3d4]} (12. Nb3 {is interesting.} dxc3 13. Nxc5 Bxc5 14. Be4 Qd7 15. bxc3 Rd8 16. Qc2) 12... d3 {C83: Open Ruy Lopez: 9 c3 Be7} 13. Nxc5 dxc2 14. Qxd8+ Rxd8 {White has an edge.} 15. Nxe6 fxe6 16. Be3 Rd5 17. Rfc1 Nxe5 18. Nxe5 Rxe5 19. Rxc2 Kf7 {[#]} 20. c4 $146 b4 21. Rd1 Rd8 22. Rxd8 Bxd8 $11 {[%mdl 4096] Endgame KRB-KRB} 23. Kf1 Bg5 24. Ba7 h5 25. b3 Rf5 26. Ke2 c5 27. h3 {[%cal Bh2h3,Bh3g4][%mdl 32]} Bf4 {[#]} (27... Re5+ $11 28. Kd3 Be7) 28. Bb6 (28. g4 $1 $16 {[%cal Rg4f5]} Rg5 29. Kf3) 28... Ke7 {[#]} (28... h4 $1 $11) 29. g4 $1 $16 {[%cal Rg4f5]} hxg4 30. hxg4 Rg5 31. Kf3 Bd6 32. a3 ({White should try} 32. Rd2 $16) 32... bxa3 $14 33. Ra2 Rg6 34. Rxa3 Rh6 35. Ke3 Rh3+ 36. f3 Rh2 37. Rxa6 Rb2 38. Bd8+ Kd7 39. Rb6 Be5 $1 {[%cal Re5d4]} 40. Bh4 Rh2 41. Be1 (41. Bg5 {with more complications.} Bd4+ 42. Kf4 Re2 43. Kg3 Rb2 44. Bh4) 41... Bd4+ {The position is equal.} 42. Kd3 Rh3 43. Rb7+ Ke8 44. Ke4 Rh2 $1 {[%cal Rh2e2] ...Re2+ is the strong threat.} 45. Ba5 Re2+ 46. Kf4 Be3+ 47. Ke4 {And now Kd3 would win.} Bd4+ 48. Kf4 Be3+ 49. Ke4 {aiming for Kd3.} Bd4+ 50. Kf4 Be3+ 51. Ke4 {Strongly threatening Kd3.} Bd4+ 52. Kf4 {Precision: White = 65%, Black = 77%.} 1/2-1/2

[Event "ISR-chT 2019"]
[Site "Israel"]
[Date "2019.02.08"]
[Round "3.15"]
[White "Galburd, Yan"]
[Black "Vydeslaver, Alik"]
[Result "1/2-1/2"]
[WhiteElo "2397"]
[BlackElo "2386"]
[Annotator "NA"]
[PlyCount "73"]
[EventDate "2019.01.04"]
[EventType "team-tourn"]
[EventCountry "ISR"]
[SourceTitle "playchess.com"]
[Source "ChessBase"]
[SourceQuality "1"]
[TimeControl "40/5400+30:1800+30"]

1. d4 {[%emt 0:00:00]} d5 {[%emt 0:00:14]} 2. Bf4 {[%emt 0:00:07]} c6 {[%emt 0:00:40]} 3. e3 {[%emt 0:00:54]} Bf5 {[%emt 0:05:48]} 4. c4 {[%emt 0:04:26]} e6 {[%emt 0:07:38]} 5. Nc3 {[%emt 0:02:47]} Nd7 {[%emt 0:00:31]} 6. Nf3 {[%emt 0:07:22]} Qb6 {[%emt 0:04:37]} 7. Qd2 {[%emt 0:03:45]} Ngf6 {[%emt 0:05:21]} 8. c5 {[%emt 0:05:31]} Qd8 {[%emt 0:03:52]} 9. Be2 {[%emt 0:14:06]} Be7 {[%emt 0:05:04]} 10. h3 {[%emt 0:07:02]} b5 {[%emt 0:04:38]} 11. a3 {[%emt 0:05:19]} a5 {[%emt 0:00:37]} 12. O-O {[%emt 0:04:38]} O-O {[%emt 0:02:22]} 13. b4 {[%emt 0:03:18]} Ne4 {[%emt 0:11:34]} 14. Qb2 {[%emt 0:01:28]} Nxc3 {[%emt 0:03:54]} 15. Qxc3 {[%emt 0:00:02]} a4 {[%emt 0:01:39]} 16. Rfe1 {[%emt 0:07:17]} Re8 {[%emt 0:05:25]} 17. Bd3 {[%emt 0:05:38]} Bf6 {[%emt 0:08:53]} 18. e4 {[%emt 0:03:16]} dxe4 {[%emt 0:02:36]} 19. Bxe4 {[%emt 0:00:03]} Bxe4 {[%emt 0:00:19]} 20. Rxe4 {[%emt 0:00:02]} Nf8 {[%emt 0:01:08]} 21. Be5 {[%emt 0:03:43]} Qd5 $11 {[%emt 0:05:44]} 22. Rae1 {[%emt 0:01:09]} Bxe5 {[%emt 0:06:20]} 23. dxe5 {[%emt 0:02:21]} Qb3 {[%emt 0:01:25]} 24. Qe3 {[%emt 0:08:44]} Red8 {[%emt 0:02:38]} 25. Nd4 {[%emt 0:00:38]} Qxe3 {[%emt 0:03:10]} 26. R1xe3 {[%emt 0:00:02]} Rac8 {[%emt 0:00:57]} 27. f4 {[%emt 0:00:12]} Rc7 {[%emt 0:02:38]} 28. f5 {[%emt 0:01:10]} exf5 {[%emt 0:00:34]} 29. Nxf5 {[%emt 0:00:06]} Rd1+ {[%emt 0:00:21]} 30. Kh2 {[%emt 0:00:36]} Ne6 {[%emt 0:00:47]} 31. Rg4 {[%emt 0:03:37]} g6 {[%emt 0:00:28]} 32. Nd6 {[%emt 0:00:35]} Re7 {[%emt 0:00:28]} 33. Nc8 {[%emt 0:03:15]} Rc7 {[%emt 0:00:21]} 34. Nd6 {[%emt 0:00:07]} Re7 {[%emt 0:00:04]} 35. Nc8 {[%emt 0:02:01]} Rc7 {[%emt 0:00:04]} 36. Nd6 {[%emt 0:00:18]} Re7 {[%emt 0:00:07]} 37. Nc8 {[%emt 0:01:17]} 1/2-1/2

[Event "ISR-chT 2019"]
[Site "Israel"]
[Date "2019.02.08"]
[Round "3.16"]
[White "Klenburg, Michael"]
[Black "Parkhov, Yair"]
[Result "1/2-1/2"]
[WhiteElo "2361"]
[BlackElo "2336"]
[Annotator "NA"]
[PlyCount "78"]
[EventDate "2019.01.04"]
[EventType "team-tourn"]
[EventCountry "ISR"]
[SourceTitle "playchess.com"]
[Source "ChessBase"]
[SourceQuality "1"]
[TimeControl "40/5400+30:1800+30"]

1. e4 {[%emt 0:00:01]} c5 {[%emt 0:00:00]} 2. d3 {[%emt 0:00:06]} ({Predecessor:} 2. Nc3 Nc6 3. g3 g6 4. Bg2 Bg7 5. d3 Nf6 6. f4 d6 7. Nf3 O-O 8. O-O Rb8 9. h3 b5 {½-½ (44) Davies,N (2460)-Ivanov,I (2510) London 1992 ½-½ (78) Amin,B (2663)-Can,E (2578) Dubai 2017}) 2... Nc6 {[%emt 0:01:53]} 3. g3 {[%emt 0:00:06]} g6 {[%emt 0:06:45]} 4. Bg2 {[%emt 0:03:31]} Bg7 {[%emt 0:00:36]} 5. f4 {[%emt 0:00:06]} d6 {[%emt 0:02:31]} 6. Nf3 {[%emt 0:00:06]} Nf6 {[%emt 0:00:13]} 7. O-O {[%emt 0:00:08]} O-O {[%emt 0:00:11]} 8. h3 $146 {[%emt 0:00:18]} Rb8 {[%emt 0:03:27]} 9. g4 {[%emt 0:00:16]} b5 {[%emt 0:02:22]} 10. Nc3 {[%emt 0:00:06]} b4 {[%emt 0:05:29]} 11. Ne2 {[%emt 0:00:37]} Ne8 {[%emt 0:04:01] B25: Closed Sicilian: 3 g3, lines without early Be3} (11... a5 12. f5 c4 13. Be3 Ba6 14. Qd2 Ne5 15. Nxe5 dxe5 16. dxc4 Bxc4 17. Qxd8 Rfxd8 18. Rf2 Ne8 19. Ng3 Nd6 {½-½ (78) Amin,B (2663)-Can,E (2578) Dubai 2017}) 12. f5 {[%emt 0:04:32]} Nc7 {[%emt 0:00:48]} 13. Qe1 {[%emt 0:01:19]} Nb5 {[%emt 0:04:03]} 14. Qh4 {[%emt 0:01:44]} Nbd4 {[%emt 0:17:02]} 15. Nexd4 {[%emt 0:00:51]} Nxd4 {[%emt 0:00:17]} 16. Nxd4 {[%emt 0:00:51]} cxd4 {[%emt 0:02:09]} ({Predecessor:} 16... Bxd4+ 17. Kh1 Bb7 18. Rb1 a5 19. Bh6 {½-½ (44) Davies,N (2460)-Ivanov,I (2510) London 1992}) 17. Bg5 {[%emt 0:01:44]} Rb7 {[%emt 0:06:17]} 18. Rf2 {[%emt 0:04:02]} Rc7 {[%emt 0:09:11]} 19. a3 {[%emt 0:02:36]} a5 {[%emt 0:03:52]} 20. axb4 {[%emt 0:01:55]} axb4 {[%emt 0:00:09]} 21. Ra8 {[%emt 0:11:37]} f6 {[%emt 0:06:48]} 22. Bd2 {[%emt 0:12:06]} Rxc2 {[%emt 0:00:16]} 23. Bxb4 {[%emt 0:00:23]} Rc1+ {[%emt 0:00:21]} 24. Rf1 {[%emt 0:03:48]} Qc7 {[%emt 0:06:12]} 25. Ba3 $2 {[%emt 0:05:38]} (25. Rxc1 $14 {stays ahead.} Qxc1+ {[%mdl 64] Double Attack} 26. Qe1) 25... Qc2 $11 {[%emt 0:05:28]} ({Better is} 25... Rxf1+ $17 26. Bxf1 Bb7) 26. Qf2 {[%emt 0:23:03]} Rxf1+ {[%emt 0:01:11]} 27. Bxf1 {[%emt 0:00:16]} Qc6 {[%emt 0:00:14]} 28. Rb8 {[%emt 0:05:17]} Bh6 {[%emt 0:01:13]} 29. Qxd4 {[%emt 0:01:11]} Qc1 {[%emt 0:00:07]} 30. Qc4+ {[%emt 0:02:10]} Qxc4 {[%emt 0:00:42]} 31. dxc4 {[%emt 0:00:03]} gxf5 {[%emt 0:00:54]} 32. gxf5 {[%emt 0:03:38]} Bf4 {[%emt 0:01:33]} 33. Ra8 {[%emt 0:01:39]} Bb7 {[%emt 0:03:23]} 34. Rxf8+ {[%emt 0:00:46]} Kxf8 {[%emt 0:00:05]} 35. Bd3 {[%emt 0:00:06]} Bc1 {[%emt 0:00:19]} 36. Kf2 {[%emt 0:01:14]} Kg7 {[%emt 0:01:44]} 37. Kf3 {[%emt 0:01:53]} Kh6 {[%emt 0:00:21]} 38. Kg4 {[%emt 0:03:00]} Bc6 {[%emt 0:01:48]} 39. Bc2 {[%emt 0:01:25]} Be8 {[%emt 0:01:11]} 1/2-1/2